Nickelodeon TV Shows Trivia - Statistics

General Stats
  • This quiz has been taken 917 times
  • The average score is 6 of 15
Answer Stats
Question Answer % Correct
Which town does Spongebob live in? Bikini Bottom
79%
What is Mr. Krabbs' daughter's name? Pearl
77%
What is the name of Tori Vega's sister? Trina
71%
What is the name of the song that Tori Vega sings in the first episode of Victorious? Make it Shine
57%
What was the name of Timmy Turner's babysitter? Vicky
51%
What was the name of the smoothie place in iCarly? Groovy Smoothie
45%
What does PCA in Zoey 101 stand for? Pacific Coast Academy
43%
What is the name of the man who puts every thing on a stick in iCarly? T-Bo
40%
What was the name of the insane guy who worked with Josh? Crazy Steve
39%
What is Zoey Brooks younger brother's name? Dustin
37%
What was Drake and Josh's dad's job? Weather man
35%
What was the name of Kendall's girlfriend in Big Time Rush? Jo
30%
What does Tommy from Rugrats always carry around? bottle
25%
What are the name of the nerds from Drake and Josh? Craig and Eric
13%
Who was the janitor 's nemisis in Ned's Declassified? weasel
7%
No matching quizzes found
Score Distribution
Percent of People with Each Score
Percentile by Number Answered
Your Score History
You have not taken this quiz